Offshore installation practice /

Bibliographic Details
Main Author: Crawford, J., C. Eng
Format: Book
Language:English
Published: London ; Boston : Butterworths, 1988.
Subjects:

MARC

Tag First Indicator Second Indicator Subfields
LEADER 00000cam a2200000 a 4500
001 in00000014846
005 20151007052912.0
008 870720s1988 enka b 00110 eng
010 |a  87021799  
020 |a 0408014830 :  |c £50.00 
035 |a (OCoLC)16356517 
035 |9 AAA9644AM 
040 |a DLC  |c DLC  |d TXA  |d UtOrBLW 
049 |a TXAM  |c [A11464816] 
050 0 0 |a TN871.3  |b .C73 1988 
082 0 |a 627/.98  |2 19 
100 1 |a Crawford, J.,  |c C. Eng. 
245 1 0 |a Offshore installation practice /  |c J. Crawford. 
264 1 |a London ;  |a Boston :  |b Butterworths,  |c 1988. 
300 |a x, 389 pages :  |b illustrations ;  |c 24 cm. 
336 |a text  |b txt  |2 rdacontent 
337 |a unmediated  |b n  |2 rdamedia 
338 |a volume  |b nc  |2 rdacarrier 
504 |a Bibliography: page 386. 
500 |a Includes index. 
650 0 |a Drilling platforms  |x Design and construction. 
999 |a MARS 
999 f f |s 79068fce-2e6b-3c07-b9c1-508ce212545a  |i d2048d28-9014-3795-a02d-e4ad31de44d1  |t 0 
952 f f |p normal  |a Texas A&M University  |b College Station  |c Sterling C. Evans Library  |d Evans: Library Stacks  |t 0  |e TN871.3 .C73 1988  |h Library of Congress classification  |i unmediated -- volume  |m A14811464816 
998 f f |a TN871.3 .C73 1988  |t 0  |l Evans: Library Stacks